Statistics for The Name Of The Wind Trivia

Click here to take the quiz!

General Stats

  • This quiz has been taken 5 times
  • The average score is 6 of 14

Answer Stats

HintAnswer% Correct
How many Chandrian are there7
75%
Fools
75%
how many words are there to break
a strong mans will?
10
50%
What is the Rannish Boy's nameAaron
50%
Clean Fire
50%
A demon fears three thingsCold Iron
50%
What is BastFae
50%
What are the stone spiders calledScrael
50%
The holy name of god
50%
who wrote Mating Habits Of the
Common Draccus
Devan Lochees/ The Chronicler
25%
What does Kote meanDisaster
25%
What is Kvothe's inn named afterGray stone/Standing stone
25%
What are the first seven words
Kvothe says to Denna
I was wondering what
you're doing here?
25%
only______ and _______ are fearlessPreists
25%

Score Distribution

Percentile by Number Answered

Percent of People with Each Score

Your Score History

You have not taken this quiz